000 00878nam a2200217Ia 4500
999 _c39331
_d39331
001 5917
003 GE_BSU
005 20190820095753.0
008 181216s1990||||ge |||||||||||||| ||geo||
040 _cGE_BSU
041 _ageo
080 _a821.353.1 ა-13
100 _aაბაშიძე, გრიგოლ
_91383
245 _aრჩეული თხზულებანი სამ ტომად :
_bტ.1 ლაშარელა /
_cგრიგოლ აბაშიძე ; რედ. ვახტანგ პეტრიაშვილი.
264 _aთბილისი :
_bმერანი ;
_c1990.
300 _a654 გვ. ;
_c20 სმ.
653 _aლაშარელა
653 _aლექსები
700 _aპეტრიაშვილი, ვახტანგ
_eრედაქტორი
_93692
942 _cBK
_2udc